Statistics for EXTREME Geography Generator Puzzle

Click here to take the quiz!

General Stats

  • This quiz has been taken 1,072 times
    (727 since last reset)
  • The average score is 11 of 28

Answer Stats

HintAnswer% Correct
BONUSIRAN
87%
Oceanian CountriesSamoa
73%
ContinentsAsia
70%
ContinentsEurope
66%
European CountriesSpain
57%
BONUSARGENTINA
51%
BONUSNICARAGUA
50%
ContinentsOceania
48%
Asian CountriesOman
47%
African CountriesNiger
46%
Oceanian CountriesTonga
44%
American CountriesPeru
42%
European CountriesRomania
38%
African CountriesTogo
38%
BONUSSINGAPORE
36%
European CountriesRussia
34%
European CountriesMonaco
32%
European CountriesAustria
31%
European CountriesEstonia
31%
American CountriesPanama
31%
European CountriesCroatia
27%
BONUSSAN MARINO
27%
Asian CountriesArmenia
26%
African CountriesGuinea
25%
American CountriesSuriname
24%
Asian CountriesGeorgia
23%
European CountriesMontenegro
17%
African CountriesCameroon
15%

Score Distribution

Percentile by Number Answered

Percent of People with Each Score

Your Score History

You have not taken this quiz since the last reset